Theories of planning & spatial development

Bibliographic Details
Main Author: Cooke, Philip
Format: Book
Published: London : Hutchinson & Co Ltd , c1983
Subjects:

MARC

LEADER 00000cam a2200000 7i4500
001 0000002040
005 20050623.0
020 |a 0091530016 
040 |a INS 
090 0 0 |a HT391.   |b C637 1983 
100 1 |a Cooke, Philip 
245 1 0 |a Theories of planning & spatial development   |c Philip Cooke 
260 |a London :   |b Hutchinson & Co Ltd ,   |c c1983 
300 |a 311p ;   |c 23 cm. 
650 0 0 |a Regional planning 
999 |a 0000000627   |b BOOK   |c Open Shelf   |e Default branch